Velký sen dvou malých národů : československé legie v Rusku a vznik první republiky /

Hlavní autor: McNamara, Kevin J.
Další autoři: Petříková, Klára, 1981-
Jazyk: Čeština
Vydáno: V Praze : Slovart, 2020
Vydání: Vydání první
Témata:
Fyzický popis: 391 stran : mapy ; 24 cm
Knihy
Uloženo v:
LEADER 02894cam a2200697 i 4500
001 nkc20213277779
003 CZ PrNK
005 20240812122237.0
007 ta
008 201216s2020 xr b f 001 0dcze
015 |a cnb003277779 
020 |a 978-80-7529-774-7  |q (vázáno) 
035 |a (OCoLC)1257529991 
040 |a KOG001  |b cze  |d CBA001  |d BOA001  |e rda 
041 1 |a cze  |h eng 
043 |a e-cs---  |a e-ru--- 
045 |a x1x1 
072 7 |a 94(437)  |x Dějiny Česka a Slovenska  |2 Konspekt  |9 8 
080 |a 94(437)"1918"  |2 MRF 
080 |a 355.318.2  |2 MRF 
080 |a 355.11  |2 MRF 
080 |a 355.48(100)"1914/1918"  |2 MRF 
080 |a (437)  |2 MRF 
080 |a (470+571)  |2 MRF 
080 |a (048.8)  |2 MRF 
100 1 |a McNamara, Kevin J.  |7 jo20181010140  |4 aut 
240 1 0 |a Dreams of a great small nation.  |l Česky 
245 1 0 |a Velký sen dvou malých národů :  |b československé legie v Rusku a vznik první republiky /  |c Kevin J. McNamara ; z anglického originálu Dreams of a great small nation ... přeložila Klára Petříková 
246 3 0 |a Československé legie v Rusku a vznik první republiky 
250 |a Vydání první 
264 1 |a V Praze :  |b Slovart,  |c 2020 
300 |a 391 stran :  |b mapy ;  |c 24 cm 
336 |a text  |b txt  |2 rdacontent 
337 |a bez média  |b n  |2 rdamedia 
338 |a svazek  |b nc  |2 rdacarrier 
504 |a Obsahuje bibliografii, bibliografické odkazy a rejstřík 
600 1 7 |a Masaryk, Tomáš Garrigue,  |d 1850-1937  |7 jk01080472  |2 czenas 
610 2 7 |a Československé legie  |7 kn20020322444  |2 czenas 
648 7 |a 1918  |7 ch460647  |2 czenas 
648 7 |a 1914-1920  |7 ch500555  |2 czenas 
648 7 |a 1914-1918  |7 ch460644  |2 czenas 
650 0 7 |a vznik Československa (1918)  |7 ph225469  |2 czenas 
650 0 7 |a zahraniční odboj  |7 ph116243  |z Československo  |y 1914-1920  |2 czenas 
650 0 7 |a zahraniční vojenské jednotky  |7 ph137529  |z Československo  |y 1914-1920  |2 czenas 
650 0 7 |a legionáři  |7 ph122227  |z Československo  |y 1914-1920  |2 czenas 
650 0 7 |a první světová válka (1914-1918)  |7 ph126327  |z Rusko  |2 czenas 
650 0 9 |a rise of Czechoslovakia (1918)  |2 eczenas 
650 0 9 |a resistance movement abroad  |z Czechoslovakia  |y 1914-1920  |2 eczenas 
650 0 9 |a external forces  |z Czechoslovakia  |y 1914-1920  |2 eczenas 
650 0 9 |a legionaries  |z Czechoslovakia  |y 1914-1920  |2 eczenas 
650 0 9 |a World War (1914-1918)  |z Russia  |2 eczenas 
655 7 |a monografie  |7 fd132842  |2 czenas 
655 9 |a monographs  |2 eczenas 
700 1 |a Petříková, Klára,  |d 1981-  |7 xx0088106  |4 trl 
910 2 |a BOA001  |b 2-1460.804 
920 |a 0938827  |z CBA001 
990 |a BK 
995 |a 01 
991 |b 202105  |c NOV 
996 6 |b 2610856846  |c 2-1460.804  |l MZK  |r Sklad / do 1 hodiny  |n 0  |p p.v.  |w 001843886  |u 000010  |a 1  |e BOA001  |j MZK50  |s P 
996 7 |b 2610859783  |c 2-1460.804  |l Vol.výběr  |r VV 1p  |n 7  |p kup  |h 94(437) MCN  |w 001843886  |u 000020  |a 0  |e BOA001  |j MZK50  |s A